[Event "3rd HoliCup Lake City 2019"]
[Site "Udaipur"]
[Date "2019.03.28"]
[Round "1"]
[White "Rakesh Khugsal"]
[Black "Lokesh, N.."]
[Result "0-1"]
[WhiteElo "1257"]
[BlackElo "2157"]
[Annotator "TA"]
[PlyCount "130"]
[EventDate "2019.??.??"]
[EventCountry "IND"]
[SourceTitle "playchess.com"]
[Source "ChessBase"]
[SourceQuality "1"]

{[%evp 19,130,15,28,9,17,7,0,0,0,0,0,0,14,6,7,10,37,12,50,-15,-10,-35,0,-47,-43,-58,-25,-28,-10,-10,-12,-14,-10,-11,-5,-9,-20,-16,0,-40,0,-8,13,0,9,8,12,-20,0,-31,0,-21,-3,-19,-16,-97,-95,-230,-235,-671,-689,-664,-664,-577,-166,-219,-204,-1116,-1114,-1077,-964,-1328,0,-552,-553,-819,-553,-550,-535,-1157,-1164,-29970,-29971,-29970,-29969,-29968,-29970,-29967,-29969,-29971,-29972,-29972,-29973,-29973,-29974,-29974,-29975,-29983,-29975,-29975,-29976,-29983,-29977,-29977,-29978,-29977,-29977,-7008,-6150,-29983,-29984,-29984,-29985]} 1. d4 Nf6 2. c4 e6 3. Nf3 d5 4. Nc3 c6 5. cxd5 exd5 6. Bg5 Be7 7. e3 O-O 8. Bd3 Nbd7 9. O-O Re8 10. Qc2 g6 11. Rac1 {D36: Queen's Gambit Declined: Exchange Variation: Main line (5 Bg5 c6 6 Qc2)} Nf8 12. h3 (12. a3 Ne6 13. Bh4 Ng7 14. Qb3 Qb6 15. Qa2 Bf5 16. Be2 Ne4 17. Bxe7 Rxe7 18. Nxe4 Bxe4 19. Nd2 {½-½ (29) Riazantsev,A (2659)-Melkumyan,H (2613) Minsk 2017}) 12... Ne6 13. Bh4 {The position is equal.} Ng7 14. a3 $146 ({Predecessor:} 14. Bxf6 Bxf6 15. b4 a6 16. a4 b5 17. Rfe1 Qd6 18. e4 Qxb4 19. exd5 {½-½ (19) Houska,J (2429)-Vaibhav,S (2430) London 2011}) 14... a5 15. Bg3 Bd6 16. Bxd6 Qxd6 17. Ne5 Nd7 18. f4 (18. Ng4 {seems wilder.} Qe7 19. Qd2 Kh8 20. Rfe1 Nb6 21. e4) 18... f6 19. Nxd7 ({Better is} 19. Ng4 $14) 19... Bxd7 $11 20. Rce1 Re7 21. Nd1 Rae8 22. Rf3 Bf5 23. g4 Be4 (23... Bd7 {with more complications.} 24. Nc3 b6 25. Qd2 f5 26. g5 Re6) 24. Bxe4 Rxe4 25. Ref1 b6 26. Qd2 Qe7 27. b4 axb4 28. axb4 f5 29. R1f2 Qe6 30. g5 Re7 31. Qc3 Qd7 32. Rc2 R4e6 33. Ra2 Ne8 {[%cal Bg7e8,Be8d6,Bd6c4][%mdl 32]} 34. Rff2 Nd6 {Strongly threatening ...Ne4.} 35. Ra8+ Kg7 {[#] ...Ne4 is the strong threat.} 36. Rfa2 Nc4 $36 {[%mdl 2048] Black fights for an advantage.} 37. Kf2 (37. Qe1 $11 {remains equal.}) 37... Qc7 38. Kf3 {[#]} (38. Kg1 $17) 38... Re4 $1 $19 {White must now prevent ...Nxe3.} 39. R8a7 $2 (39. Qe1 Qxf4+ 40. exf4 Rxe1 41. Nf2) 39... Qxa7 40. Rxa7 Rxa7 41. b5 cxb5 $2 (41... Ra3 42. Qe1 cxb5) 42. Qb4 (42. Kg3 $142) 42... Ra1 43. Qxb5 $2 (43. Ke2 Ra5 44. Kf2) 43... Rxd1 44. Qd7+ Kf8 45. Qxd5 Nxe3 $2 (45... Rxe3+ $19 46. Kg2 Rd2+ 47. Kf1 Rc2) 46. Qd8+ $2 {[%mdl 8192]} (46. Qd6+ $11 Ke8 47. Qc6+ Kf8 48. Qf6+ Ke8 49. Qc6+ Kf7 50. Qf6+ Ke8 51. Qc6+) 46... Re8 47. Qxb6 Rc1 48. Qb4+ Kg8 49. Qb3+ Nc4 50. Qb5 Rc3+ 51. Kf2 Nd6 52. Qd5+ Nf7 53. Qa5 Rxh3 54. d5 Rd3 55. Qb5 Rd2+ 56. Kf3 Rd8 57. Qc4 R2xd5 58. Qc6 Rd3+ 59. Kf2 R3d4 60. Kf3 Re4 61. Qb5 Rdd4 62. Qb8+ Kg7 63. Qc7 Rxf4+ 64. Qxf4 Rxf4+ 65. Kxf4 h6 {Accuracy: White = 33%, Black = 46%.} 0-1

[Event "3rd HoliCup Lake City 2019"]
[Site "Udaipur"]
[Date "2019.03.28"]
[Round "1"]
[White "Gautam Kumar Singh"]
[Black "Matta, Vinay Kumar"]
[Result "0-1"]
[WhiteElo "1253"]
[BlackElo "2146"]
[Annotator "TA"]
[PlyCount "68"]
[EventDate "2019.??.??"]
[EventCountry "IND"]
[SourceTitle "playchess.com"]
[Source "ChessBase"]
[SourceQuality "1"]

{[%evp 26,68,15,0,33,-22,-13,-7,-1,-9,14,0,0,0,-10,-16,-3,-25,-23,-215,-213,-293,-6,-22,-19,-36,-2,-85,-91,-93,-88,-87,-98,-125,-127,-278,-265,-278,-267,-380,-341,-29991,-29992,-29992,-29993]} 1. e4 e5 2. Nf3 Nc6 3. Bb5 a6 4. Ba4 Nf6 5. O-O Be7 6. d3 b5 7. Bb3 O-O 8. c3 d6 9. h3 Na5 10. Bc2 c5 11. Nbd2 Re8 12. Re1 Bf8 13. Nf1 h6 14. Ng3 Nc6 {C90: Closed Ruy Lopez with 7...d6: Early deviations} 15. Be3 (15. d4 $14) 15... d5 16. exd5 Nxd5 {[#] The position is equal.} 17. Bd2 $146 ({Predecessor:} 17. Ne4 Nxe3 18. Rxe3 Bb7 19. Qe2 Qc7 20. Nh4 Ne7 21. Rg3 Kh8 22. Re1 {1-0 (49) Aronian,L (2648)-Richter,C (2331) playchess.com INT 2004}) 17... Kh8 18. d4 exd4 19. Rxe8 Qxe8 20. cxd4 cxd4 21. Be4 Be6 22. Nxd4 $2 (22. Rc1 $11) 22... Nxd4 $19 23. Bxh6 Rd8 $2 (23... gxh6 $19 24. Qxd4+ Bg7) 24. Qxd4 $11 Nf6 $36 {[%mdl 2048] Black has some pressure.} 25. Qe5 Bxh3 26. Qf4 (26. Qxe8 $11 Rxe8 27. Bf3) 26... Nxe4 $17 27. Nxe4 {[#] And now Bg5 would win.} gxh6 28. gxh3 Qe6 29. Rc1 Bg7 30. b3 $2 {[#]} (30. Kg2 $17 {was called for.}) 30... Rg8 $1 $19 {Threatens to win with ...Be5+.} ({Not} 30... Qxh3 31. Nd6 $15) 31. Ng3 Be5 ({Less strong is} 31... Qxh3 32. Rd1 $15) 32. Qf3 (32. Qe4 {is a better defense.} Bxg3 {[%mdl 64] Discovered Attack} 33. Qxe6 Bf4+ {[%mdl 64] Discovered Attack, Zwischenzug} 34. Kf1 fxe6 35. Rc6) 32... Qxh3 33. Qxf7 $2 (33. Qg2 $19 Qh4 34. Rc6) 33... Rxg3+ 34. fxg3 Bd4+ {Accuracy: White = 19%, Black = 43%.} 0-1

[Event "3rd HoliCup Lake City 2019"]
[Site "Udaipur"]
[Date "2019.03.28"]
[Round "1"]
[White "Abhishek Sharma"]
[Black "Uday Karandikar"]
[Result "0-1"]
[WhiteElo "1248"]
[BlackElo "2109"]
[Annotator "TA"]
[PlyCount "118"]
[EventDate "2019.??.??"]
[EventCountry "IND"]
[SourceTitle "playchess.com"]
[Source "ChessBase"]
[SourceQuality "1"]

{[%evp 13,118,10,21,10,6,-17,2,-16,0,-2,0,0,23,-33,40,0,0,-15,-10,-22,-20,-20,26,22,28,22,25,0,0,0,19,12,17,0,0,0,0,0,21,45,31,0,0,0,793,77,179,171,453,156,151,-129,-133,-138,-112,-126,-116,-152,-134,-132,-134,-182,-169,-256,-158,-691,-642,-1041,-1169,-1330,-1252,-1145,-1084,-1168,-1092,-5097,-5081,-5505,-5343,-29970,-12818,-29981,-29982,-29982,-29983,-29983,-29981,-29981,-29982,-29982,-29982,-29987,-29988,-29988,-29989,-29989,-29990,-29994,-29990,-29995,-29996,-29996,-29995,-29997,-29997,-29998,-29999]} 1. d4 Nf6 2. c4 e6 3. Nc3 d5 4. Nf3 Nbd7 5. e3 Be7 6. Bd3 O-O 7. O-O b6 8. Qe2 {D37: Queen's Gambit Declined: 5 Bf4} Bb7 9. a3 (9. Rd1 Ne4 10. Nd2 f5 11. f3 Bd6 12. fxe4 fxe4 13. Bc2 Qh4 14. g3 Bxg3 15. hxg3 Qxg3+ 16. Qg2 Qxe3+ 17. Kh1 {1-0 (28) Kanarek,M (2508)-Swiercz,D (2634) Warsaw 2015}) 9... Ne4 10. Nd2 {The position is equal.} f5 11. f3 Nxc3 12. bxc3 Nf6 13. e4 $146 (13. a4 $11) ({Predecessor:} 13. Bb2 Bd6 14. cxd5 exd5 {1-0 (47) Gonzalez,L-Barreto Bastidas,J Valera 2012}) 13... Nh5 (13... dxe4 $15 14. fxe4 c5) 14. Nb3 ({White should try} 14. g3 $14) 14... fxe4 $11 15. fxe4 Rxf1+ 16. Kxf1 Qf8+ 17. Kg1 Nf6 {[%cal Rd5e4]} 18. cxd5 exd5 19. e5 Ne4 20. Bd2 Nxd2 21. Nxd2 Qf4 22. Rf1 Qh6 23. e6 $36 {[%mdl 2048] Black is under pressure.} ({Of course not} 23. Qf2 Rf8 $17) 23... Bd6 24. Nf3 Re8 25. Bf5 a6 26. Ne5 Bc8 27. Ng4 Qg5 28. Qf3 Qe7 $2 {[%mdl 8192]} (28... Rf8 $11 29. Qxd5 Be7) 29. Qd3 $2 (29. Qh3 $18 {and the rest is easy.} h6 30. Qh5 Bxe6 31. Qg6 Bxf5 32. Nxh6+ {[%mdl 64] Double Attack} Kh8 33. Nxf5) 29... Qh4 (29... Bxe6 $16 {was necessary.} 30. Re1 Bxf5 31. Rxe7 Bxd3 32. Rxe8+ Kf7) 30. g3 $18 Qh5 $2 {[#]} (30... Qg5) 31. Qf3 $1 Kh8 {With the idea ...c6.} 32. Ne5 $2 (32. Qxd5 $16 {aiming for Ne5.} Qg5 33. Qe4) 32... Qxf3 $17 33. Rxf3 Bxe6 34. Bxe6 Rxe6 {[%mdl 4096] Endgame KRB-KRN} 35. Nf7+ Kg8 36. Nxd6 Rxd6 {KR-KR} ({But not} 36... cxd6 $6 37. Rf5 $11) 37. Re3 Kf7 38. Kf2 (38. g4 $142) 38... Re6 39. Rf3+ $2 {[#]} (39. Rd3 $17) 39... Rf6 $1 $19 40. g4 c5 41. h3 Rxf3+ 42. Kxf3 {KP-KP} Ke6 43. Ke3 Kd6 44. a4 b5 45. axb5 axb5 {[%cal Ba6b5,Bb5b4,Bb4b3][%mdl 32]} 46. Kd3 g5 47. Kc2 c4 {Black mates.} 48. Kb2 {[#]} b4 $1 {[%mdl 512]} 49. Ka2 (49. cxb4 Kc6) 49... b3+ 50. Ka3 Kc6 51. Kb2 Kb5 52. Ka3 Ka5 53. Kb2 Ka4 54. Kb1 Ka3 55. Ka1 b2+ 56. Kb1 Kb3 57. h4 Kxc3 58. hxg5 Kb3 59. g6 c3 {Accuracy: White = 25%, Black = 57%.} 0-1

[Event "3rd HoliCup Lake City 2019"]
[Site "Udaipur"]
[Date "2019.03.28"]
[Round "1"]
[White "Avinash Kumar Yadav"]
[Black "Dutta, Joydeep"]
[Result "0-1"]
[WhiteElo "1247"]
[BlackElo "2097"]
[Annotator "NA RC"]
[PlyCount "69"]
[EventDate "2019.??.??"]
[EventCountry "IND"]
[SourceTitle "playchess.com"]
[Source "ChessBase"]
[SourceQuality "1"]
[TimeControl "5400+30"]

1. e4 c5 2. Nf3 Nf6 3. Nc3 d5 4. e5 Ne4 5. Bb5+ Bd7 6. O-O Nxc3 7. Bxd7+ Qxd7 8. bxc3 Nc6 9. d4 e6 10. Rb1 Rc8 11. Ng5 h6 12. Nh3 Be7 13. Qg4 g6 14. Ba3 cxd4 15. Bxe7 Nxe7 16. Qxd4 b6 17. f4 Qc6 18. Rf3 Qc5 19. Qxc5 Rxc5 20. Nf2 h5 21. h4 Kd7 22. Rb3 Ra5 23. a3 Nc6 24. Nd3 Rc8 25. Nb4 Nd8 26. Kf2 Nb7 27. Nd3 Ra6 28. Nb4 Ra4 29. Nd3 Na5 30. Nb2 Nxb3 31. Nxa4 Nd2 32. Rd3 Nc4 33. Rd4 b5 34. Rxc4 Rxc4 35. Nb2 0-1

[Event "3rd HoliCup Lake City 2019"]
[Site "Udaipur"]
[Date "2019.03.28"]
[Round "1"]
[White "Rao Vishwas"]
[Black "Sudhanshu Ranjan"]
[Result "0-1"]
[WhiteElo "1233"]
[BlackElo "2056"]
[Annotator "NA RC"]
[PlyCount "110"]
[EventDate "2019.??.??"]
[EventCountry "IND"]
[SourceTitle "playchess.com"]
[Source "ChessBase"]
[SourceQuality "1"]
[TimeControl "5400+30"]

1. e4 c5 2. c3 d5 3. e5 Nc6 4. d4 Bf5 5. Be3 cxd4 6. cxd4 e6 7. a3 Nge7 8. Nc3 Bg6 9. Bd3 Nf5 10. Nf3 Be7 11. O-O Nxe3 12. fxe3 O-O 13. Ne2 Qb6 14. Rb1 Na5 15. Bxg6 hxg6 16. Nd2 Rac8 17. b4 Nc4 18. Nxc4 Rxc4 19. Rb3 Qc7 20. Qe1 Rc2 21. g3 Qc4 22. Rc3 Qxe2 23. Qxe2 Rxe2 24. Rfc1 Bg5 25. Kf1 Rxh2 26. Kg1 Re2 27. Kf1 Rh2 28. Kg1 Ra2 29. Kf1 b6 30. Rd3 f6 31. exf6 Rxf6+ 32. Ke1 Rf3 33. Rc8+ Kh7 34. Rcc3 Rxg3 35. Kf1 Rgg2 36. e4 Raf2+ 37. Ke1 Bd2+ 38. Rxd2 Rxd2 39. exd5 exd5 40. Rh3+ Kg8 41. Re3 Rxd4 42. Re7 Re4+ 43. Rxe4 dxe4 44. a4 Kf7 45. Kf1 Ra2 46. a5 Ke6 47. axb6 axb6 48. Ke1 Ke5 49. b5 Kd4 50. Kd1 Kd3 51. Ke1 g5 52. Kf1 Ke3 53. Kg1 Kf3 54. Kh1 Kg3 55. Kg1 Ra1# 0-1

[Event "3rd HoliCup Lake City 2019"]
[Site "Udaipur"]
[Date "2019.03.28"]
[Round "1"]
[White "Kalagara Aniketh"]
[Black "Ashutosh, Kumar"]
[Result "0-1"]
[WhiteElo "1221"]
[BlackElo "1952"]
[Annotator "NA RC"]
[PlyCount "42"]
[EventDate "2019.??.??"]
[EventCountry "IND"]
[SourceTitle "playchess.com"]
[Source "ChessBase"]
[SourceQuality "1"]
[TimeControl "5400+30"]

1. d4 Nf6 2. Bf4 e6 3. e3 Be7 4. h3 b6 5. Nf3 Bb7 6. Nbd2 d6 7. Bd3 Nbd7 8. O-O O-O 9. c4 c5 10. Qc2 Qc7 11. Bh2 Rac8 12. Rfe1 Rfe8 13. b3 Bf8 14. Rad1 g6 15. e4 cxd4 16. Nxd4 a6 17. Kh1 Qc5 18. Bg1 Qh5 19. Be2 Qh6 20. Bf3 Ne5 21. Bh2 g5 0-1

[Event "3rd HoliCup Lake City 2019"]
[Site "Udaipur"]
[Date "2019.03.28"]
[Round "2"]
[White "Muthaiah AL"]
[Black "Tanishq Gupta"]
[Result "1-0"]
[WhiteElo "2426"]
[BlackElo "1523"]
[Annotator "TA"]
[PlyCount "59"]
[EventDate "2019.??.??"]
[EventCountry "IND"]
[SourceTitle "playchess.com"]
[Source "ChessBase"]
[SourceQuality "1"]

{[%evp 12,59,76,67,55,73,73,72,77,69,152,125,157,157,199,146,291,276,343,162,181,150,199,128,132,107,129,113,193,176,407,463,440,422,422,421,579,578,552,520,564,566,1255,1243,29989,29990,29990,460,29991,29992]} 1. c4 Nf6 2. Nc3 e6 3. e4 d5 4. e5 Nfd7 5. d4 dxc4 6. Bxc4 Nb6 7. Bd3 c5 {A18: English Opening: Flohr-Mikenas System (1 c4 Nf6 2 Nc3 e6 3 e4)} (7... Nc6 8. Nf3 Nb4 9. Be4 c5 10. O-O a6 11. Bg5 {½-½ (11) Marichal Gonzalez,A (2339)-Quesada Vera,L (2427) Porlamar 2016}) 8. dxc5 Bxc5 9. Nf3 Be7 {White is better.} 10. O-O O-O (10... Bd7 $14) 11. Qe2 N8d7 $146 ({Predecessor:} 11... Nc6 12. Rd1 Nd5 13. Be4 Nxc3 14. Bxh7+ Kh8 15. bxc3 Qa5 {1-0 (24) Euwe,M-Matisons,H The Hague 1928}) 12. Rd1 a6 13. Bf4 (13. Qe4 $18 {[%csl Gd3][%cal Re4h7]} f5 14. exf6 Nxf6 15. Qh4) 13... Qc7 (13... Nd5 $16 {might work better.}) 14. Rac1 $18 Qb8 15. Ne4 (15. Bg5 $142 Bxg5 16. Nxg5) 15... Nd5 {[#]} 16. Bg3 $1 Qa7 {[#]} 17. Nd6 (17. Bb1 $1 $18) 17... b5 18. Bh4 Bxh4 19. Nxh4 Nc5 (19... g6 $16) 20. Bb1 $40 {[%mdl 128] White goes for the king.} Qe7 $2 {[#]} (20... g6 {is a better defense.} 21. Nf3 Qb6) 21. Bxh7+ $1 {[%mdl 512]} Kxh7 22. Qh5+ ({Weaker is} 22. Rxc5 Qxh4 23. Nxc8 Kg8 $16) 22... Kg8 {aiming for ...Nd3!} 23. Rxc5 Bd7 24. Rd4 Rac8 25. Rxc8 Rxc8 26. Nxc8 Qc5 27. Nd6 Qxd4 28. Qxf7+ {[%mdl 64] Double Attack} Kh7 29. Qh5+ Kg8 {intending ...Nf4.} 30. Ng6 {Accuracy: White = 70%, Black = 33%.} 1-0

[Event "3rd HoliCup Lake City 2019"]
[Site "Udaipur"]
[Date "2019.03.28"]
[Round "2"]
[White "Rajesh, V A V"]
[Black "Soumen Mondal"]
[Result "1-0"]
[WhiteElo "2413"]
[BlackElo "1515"]
[Annotator "TA"]
[PlyCount "91"]
[EventDate "2019.??.??"]
[EventCountry "IND"]
[SourceTitle "playchess.com"]
[Source "ChessBase"]
[SourceQuality "1"]

{[%evp 23,91,12,17,25,17,12,18,18,45,48,37,54,56,54,45,54,78,72,75,45,71,56,53,53,64,39,54,26,29,42,38,13,13,8,33,15,96,25,27,19,19,6,129,139,320,115,122,0,327,323,319,315,340,282,298,299,547,552,715,705,1173,1168,1341,1099,1066,988,988,941,1005,978]} 1. d4 d5 2. c4 e6 3. Nc3 Nf6 4. cxd5 exd5 5. Bg5 Be7 6. e3 c6 7. Bd3 O-O 8. Qc2 Nbd7 {[%cal Bb8d7,Bd7f8,Bf8e6,Be6g7,Bg7f5][%mdl 32]} 9. Nf3 Re8 10. O-O Nf8 11. h3 g6 12. Rab1 Ne6 13. Bh6 {D36: Queen's Gambit Declined: Exchange Variation: Main line (5 Bg5 c6 6 Qc2)} (13. Bh4 Ng7 14. b4 a6 15. a4 Bf5 16. b5 axb5 17. axb5 Bxd3 18. Qxd3 Nf5 19. Bxf6 Bxf6 20. Qc2 Nd6 21. Nd2 {0-1 (47) Navara,D (2730)-Hansen,S (2566) Reykjavik 2015}) 13... Ng7 14. b4 a6 15. a4 {The position is equal.} Nf5 $146 ({Predecessor:} 15... b5 16. Ne5 Bb7 17. a5 Nd7 18. f4 Bd6 19. Qb3 Qe7 20. e4 Ne6 {½-½ (56) Dorfman,J (2595)-Chebotarev,O (2494) playchess.com INT 2006}) 16. Bf4 Bd6 17. Bxd6 Nxd6 18. b5 axb5 19. axb5 Bd7 20. bxc6 Bxc6 21. Ne5 Ra3 22. Rb3 Qa5 23. Rfb1 Ra8 24. Kh2 Kg7 25. Qb2 Rxb3 26. Qxb3 Qa3 27. f3 Qxb3 28. Rxb3 Ra1 29. Kg3 Rc1 (29... Ng8 $11 {remains equal.}) 30. Na2 ({White should play} 30. Ne2 $16 Rd1 31. Nxc6 bxc6 32. Rc3) 30... Ra1 $11 31. Nb4 Ba4 32. Rc3 b5 (32... h5 $11) 33. Rc6 $36 {[%mdl 2048] White is really pushing.} Nc4 $2 {[#]} (33... Nde8 $16 34. Ra6 Rd1) 34. Rc7 $2 (34. Bxc4 $18 {is the precise move to win.} dxc4 35. Rc7) 34... Nd6 $16 35. Rc6 $2 (35. Rc5 $16) 35... Nc4 $1 $18 36. Bxc4 bxc4 37. Ra6 Nh5+ 38. Kh2 c3 {[#]} 39. Ra7 $1 (39. Nxd5 c2 $11) 39... Rb1 $2 (39... Kf8 {was necessary.} 40. Nd7+ (40. Nxd5 c2 $16) (40. Rxf7+ Kg8 $18) (40. Nxf7 Rb1 $11) 40... Kg8) 40. Rxa4 {White is clearly winning.} Rb2 41. Nxd5 Rb3 42. Ra7 Rb5 43. Rxf7+ Kg8 44. Ne7+ Kh8 45. Rf8+ Kg7 46. Rc8 {Accuracy: White = 42%, Black = 31%.} 1-0

[Event "3rd HoliCup Lake City 2019"]
[Site "Udaipur"]
[Date "2019.03.28"]
[Round "2"]
[White "Palit, Somak"]
[Black "Raj Kumawat"]
[Result "1-0"]
[WhiteElo "2330"]
[BlackElo "1504"]
[Annotator "TA"]
[PlyCount "89"]
[EventDate "2019.??.??"]
[EventCountry "IND"]
[SourceTitle "playchess.com"]
[Source "ChessBase"]
[SourceQuality "1"]

{[%evp 13,89,10,25,14,26,21,25,13,35,18,24,0,0,-9,70,81,108,115,133,147,160,160,166,153,249,236,237,150,142,144,154,125,202,187,208,192,203,196,208,200,300,319,318,315,353,344,324,277,404,389,452,445,600,581,630,615,604,577,29961,6622,6722,5905,29985,29986,29989,29989,29990,29991,29991,29992,29993,29994,29994,29995,29995,29996,29998,29999]} 1. e4 e5 2. Nf3 Nc6 3. Bb5 Nf6 4. Qe2 d6 5. c3 Be7 6. O-O O-O 7. Rd1 Bg4 8. h3 {C65: Ruy Lopez: Berlin Defence (3...Nf6), unusual lines and 4 0-0 Bc5} Bh5 9. d3 a6 10. Ba4 {White has an edge.} h6 (10... b5 11. Bc2 d5 12. Nbd2 d4 13. g4 Bg6 14. cxd4 exd4 15. Nf1 Nd7 16. Ng3 {0-1 (34) Munguntuul,B (2397)-Berend,E (2303) Riadh 2017}) 11. Nbd2 {[%cal Bb1d2,Bd2f1,Bf1g3][%mdl 32]} Nh7 12. Bxc6 $146 ({Predecessor:} 12. g4 Bg6 13. Nf1 {1-0 (25) Villanueva Mena,F (1210)-Briceno Sandino,B Managua 2016}) 12... bxc6 13. Nf1 f5 ({Better is} 13... Ng5 $11) 14. exf5 $1 $14 Bxf3 15. Qxf3 Bg5 16. Ng3 d5 17. Bxg5 Nxg5 18. Qg4 Qf6 (18... Nh7 $16 19. Rac1 Qd6) 19. Re1 $18 Rae8 20. f4 exf4 21. Qxf4 Ne6 22. Qd2 Qg5 (22... Nc5 $16 {might work better.}) 23. Qxg5 Nxg5 24. Rxe8 Rxe8 {[%mdl 4096] Endgame KRN-KRN} 25. Kf2 Nf7 26. Re1 Ne5 (26... Rxe1 $142 27. Kxe1 Ne5) 27. Re3 Kf7 28. b4 Nd7 29. Rxe8 Kxe8 {KN-KN} 30. Ke3 Ke7 (30... Kf7 $142 31. Ne2 Kf6) 31. Nh5 Kf7 32. Nf4 Nf8 33. Kd4 Kf6 34. g4 Nd7 35. h4 Ne5 36. Nh5+ Ke7 37. Kxe5 {KN-KP} Kd7 38. Nxg7 {White mates.} Ke7 39. Ne6 Kd7 40. g5 hxg5 41. hxg5 Ke8 42. g6 Ke7 43. f6+ Ke8 44. f7+ Ke7 45. f8=Q+ {Accuracy: White = 75%, Black = 30%.} 1-0

[Event "3rd HoliCup Lake City 2019"]
[Site "Udaipur"]
[Date "2019.03.28"]
[Round "2"]
[White "Lokesh, N.."]
[Black "Makwana Devam"]
[Result "1-0"]
[WhiteElo "2157"]
[BlackElo "1501"]
[Annotator "TA"]
[PlyCount "27"]
[EventDate "2019.??.??"]
[EventCountry "IND"]
[SourceTitle "playchess.com"]
[Source "ChessBase"]
[SourceQuality "1"]

{[%evp 11,27,-11,0,-5,0,-6,-4,-5,0,-9,0,-7,68,65,496,-179,389,-44]} 1. e4 c5 2. Nc3 d6 3. f4 Nf6 4. Nf3 Nc6 5. Bc4 e6 6. d3 Be7 7. O-O {B23: Closed Sicilian: Lines without g3} a6 (7... O-O 8. a3 d5 9. Ba2 dxe4 10. dxe4 Qb6 11. Nd2 Rd8 12. e5 Ne8 13. Qe1 Nd4 14. Qf2 Qc6 15. Nf3 b5 16. f5 exf5 {0-1 (33) Herzwurm,R (2021)-Koehler,G (2184) Caleta 2019}) 8. Bb3 O-O 9. Qe1 {The position is equal.} b5 10. e5 dxe5 $146 ({Predecessor:} 10... Ne8 11. exd6 Nxd6 12. Ne4 Nf5 13. Be3 Nxe3 14. Qxe3 {½-½ (22) Vardakas,G (1549)-Ghachava,A Budva 2013}) 11. fxe5 Nd5 (11... Nd7 $11) 12. Ne4 $14 Nf6 $2 {[%mdl 8192] [#]} ({Black should play} 12... Qc7 $14) 13. Qg3 $4 {[%mdl 8192]} (13. exf6 $18 Bxf6 14. Nxf6+ Qxf6 15. Be3) 13... Kh8 $4 {[%mdl 8192]} (13... Nxe4 $19 {and life is good for Black.} 14. dxe4 c4) 14. Nfg5 $2 {[%mdl 32768] Accuracy: White = 39%, Black =  3%. . Loss on time!?} ({White must play} 14. exf6 $18 gxf6 15. Qf2) 1-0